000 00329nam a22001457a 4500
008 230412b ||||| |||| 00| 0 eng d
020 _a9781319036218
041 _aeng
080 _2FOURTH EDITION
_a37
082 _a37KIR
100 _a22
101 _aEDUKIM
245 _aFOCUS ON WRITING
_cKIRSZNER.G.L
942 _2udc
_cBK
999 _c59518
_d59518